Modern approach to inorganic chemistry / (Record no. 11953)

MARC details
000 -LEADER
fixed length control field 01102cam a22002651i 4500
001 - CONTROL NUMBER
control field 281449
003 - CONTROL NUMBER IDENTIFIER
control field EG-ScBUE
005 - DATE AND TIME OF LATEST TRANSACTION
control field 20250813085327.0
008 - FIXED-LENGTH DATA ELEMENTS--GENERAL INFORMATION
fixed length control field 740801s1966 njua f b 001 0 eng
040 ## - CATALOGING SOURCE
Original cataloging agency EG-ScBUE
Language of cataloging eng
Description conventions rda
Transcribing agency EG-ScBUE
Modifying agency EG-ScBUE
082 04 - DEWEY DECIMAL CLASSIFICATION NUMBER
Classification number 546
Edition number 22
Item number BEL
100 1# - MAIN ENTRY--PERSONAL NAME
Personal name Bell, C. F.
Fuller form of name (Colin Frank),
Dates associated with a name 1928-
9 (RLIN) 6657
Relator term author.
245 10 - TITLE STATEMENT
Title Modern approach to inorganic chemistry /
Statement of responsibility, etc C. F. Bell, M.A., D.PHIL., F.R.I.G., lecturer in inorganic chemistry, Brunel University, London, and K. A. K. Lott, B.Sc., PH.D., lecturer in inorganic chemistry, Brunel University, London.
250 ## - EDITION STATEMENT
Edition statement Second edition.
264 #1 - PUBLICATION, DISTRIBUTION, ETC. (IMPRINT)
Place of publication, distribution, etc Princeton, New Jersey :
Name of publisher, distributor, etc D. Van Nostrand Company, INC.,
Date of publication, distribution, etc 1966.
300 ## - PHYSICAL DESCRIPTION
Extent xiii, 330 pages :
Other physical details illustrations ;
Dimensions 26 cm
336 ## - CONTENT TYPE
Source rdacontent
Content type term text
Content type code txt
337 ## - MEDIA TYPE
Media type term unmediated
Source rdamedia
Media type code n
338 ## - CARRIER TYPE
Carrier type term volume
Carrier type code nc
Source rdacarrier
504 ## - BIBLIOGRAPHY, ETC. NOTE
Bibliography, etc Includes bibliographical references and index.<br/>
650 #7 - SUBJECT ADDED ENTRY--TOPICAL TERM
Topical term or geographic name as entry element Chemistry, Inorganic.
9 (RLIN) 6658
Source of heading or term BUEsh
655 ## - INDEX TERM--GENRE/FORM
Form subdivision Reading book
700 1# - ADDED ENTRY--PERSONAL NAME
Personal name Lott, K. A. K.
Fuller form of name (Kenneth Alan Keeler),
Relator term author.
9 (RLIN) 6659
942 ## - ADDED ENTRY ELEMENTS (KOHA)
Source of classification or shelving scheme Dewey Decimal Classification
Koha item type Book - Borrowing
Holdings
Withdrawn status Lost status Source of classification or shelving scheme Damaged status Not for loan Collection code Home library Current library Shelving location Date acquired Source of acquisition Cost, normal purchase price Total Checkouts Full call number Barcode Date last seen Cost, replacement price Koha item type
    Dewey Decimal Classification     Alef-Baa Central Library Central Library First floor 23/06/2009 Purchase 150.00   546 BEL 000017019 15/07/2025 187.50 Book - Borrowing